Formula 3000 champions quiz - Statistics

General Stats
  • This quiz has been taken 73 times
  • The average score is 9 of 20
Answer Stats
Answer % Correct
1998 Juan Pablo Montoya
77%
1989 Jean Alesi
75%
1999 Nick Heidfeld
75%
2004 Vitantonio Liuzzi
66%
1993 Olivier Panis
58%
2003 Björn Wirdheim
49%
1997 Ricardo Zonta
45%
2001 Justin Wilson
43%
1992 Luca Badoer
43%
2002 Sébastien Bourdais
43%
2000 Bruno Junqueira
40%
1995 Vincenzo Sospiri
38%
1996 Jörg Müller
32%
1985 Christian Danner
28%
1990 Érik Comas
28%
1986 Ivan Capelli
28%
1994 Jean-Christophe Boullion
28%
1991 Christian Fittipaldi
26%
1988 Roberto Moreno
26%
1987 Stefano Modena
23%
No matching quizzes found
Score Distribution
Percent of People with Each Score
Percentile by Number Answered
Your Score History
You have not taken this quiz